Primary teachers at work
Saved in:
| Main Author: | |
|---|---|
| Other Authors: | |
| Format: | Book |
| Language: | English |
| Published: |
London :
Routledge,
1994
|
| Series: | Teaching as work project
|
| Subjects: | |
| Tags: |
Add Tag
No Tags, Be the first to tag this record!
|
MARC
| LEADER | 00000nam a2200000 i 4500 | ||
|---|---|---|---|
| 001 | 1/96420 | ||
| 008 | 991215s1994 eng d | ||
| 020 | |a 0-415-08863-1 |c 14.99 | ||
| 035 | |l 10055754 | ||
| 040 | |a GR-MY-UA |b gre |e aacr | ||
| 041 | 0 | |a eng | |
| 082 | 0 | |a 372.1100941 | |
| 100 | 1 | |a Campbell, R. J. | |
| 245 | 1 | 0 | |a Primary teachers at work / |c R.J. Campbell, S.R.St.J. Neil |
| 260 | |a London : |b Routledge, |c 1994 | ||
| 300 | |a 252 p. | ||
| 490 | 1 | |a Teaching as work project | |
| 650 | 0 | 0 | |a Elementary school teachers |z Great Britain. |
| 700 | 1 | |a Neill, S. R. St. J. |q (Sean Rubert St. John) |d 1945- | |
| 830 | 0 | |a Teaching as work project | |
| 852 | |a INST |b RHODES |e 19991215 |h 372.1100941 CAM |p 005400012771 |q 005400012771 |t BK |y 0 | ||
| 901 | |a BIBL4-2000-1 | ||
| 909 | |a Ρ |b 070009 | ||
| 922 | |a 4ΕΛΗ |b 199910 |c ΚΠΣ/154 |d GLORY BOOKS | ||
| 950 | |a 154-1999-07-22 | ||
| 970 | |a ΚΟΥΛΑΚΙΟΤΗ |b ΛΙΤΣΑ |z 2000/01/18 | ||